| 000 | 00898nam a22002657a 4500 | ||
|---|---|---|---|
| 999 |
_c65080 _d65080 |
||
| 005 | 20240530110806.0 | ||
| 008 | 190227s2017 ua af f b 000 0dara d | ||
| 017 |
_a13270 _bمصر. دار الكتب |
||
| 040 |
_aEG-CaGPL _cEG-CaGPL |
||
| 082 | 0 | 4 |
_221 _a792 / _bق/ح م |
| 100 | 0 | _aحمدى عبدالعزيز | |
| 245 | 1 | 0 |
_aمسرح مصر الملكية : _b( 1924 - 1954 ) / _cحمدى عبدالعزيز |
| 250 | _aط.1 | ||
| 260 |
_aالقاهرة : _bالمؤلف، _c2017. |
||
| 300 |
_a639 ص. : _bايض ؛ _c24 سم. |
||
| 504 | _aيشتمل على ارجاعات ببليوجرافية | ||
| 650 | 0 | 7 |
_2qrmak _aالمسرح |
| 650 | 0 | 7 |
_2qrmak _aالتمثيل |
| 650 | 0 | 7 |
_2qrmak _aالفنون المسرحية |
| 650 | 0 | 7 |
_2qrmak _aالمسرحيات |
| 651 | _2qrmak | ||
| 653 | 0 | _aالمسرح الملكى | |
| 942 |
_2ddc _cBK |
||